00158nam a2200061Ia 4500008004100000100002300041245003200064120527s9999 xx 000 0 und d aComm., Research M. aReading in psychology today